000 00368nam a2200133Ia 4500
008 150202s9999 xx 000 0 und d
020 _a733518036
050 _aFIC
_bFIC
100 _aAndrew, Sylvia.
245 _aChristmas belles /
_cSylvia Andrew.
260 _aAustralia :
_bHarlequin Mills & Boon,
_c1998.
300 _a284 pages :
_c18 cm.
650 _aFiction.
999 _c281805
_d281805